| 000 | 00966 a2200325 4500 | ||
|---|---|---|---|
| 999 |
_c200459756 _d77968 |
||
| 003 | TR-AnTOB | ||
| 005 | 20240308161202.0 | ||
| 007 | ta | ||
| 008 | 120822s2015 tu 000 0 tur d | ||
| 020 | _a9789754039634 | ||
| 040 |
_aTR-AnTOB _beng _erda _cTR-AnTOB |
||
| 041 | _atur | ||
| 050 |
_aTA160 _b.S46 2015 |
||
| 090 | _aTA160 .S46 2015 | ||
| 100 | 1 |
_aŞen, Zekâi _eauthor _98089 |
|
| 245 | 1 | 0 |
_aMühendislikte felsefe, mantık, bilim ve etik / _cZekai Şen. |
| 264 | 1 |
_aAnkara : _bTÜBİTAK, _c2015. |
|
| 300 |
_a221 pages : _billustrations ; _c18 cm |
||
| 336 |
_atext _btxt _2rdacontent |
||
| 337 |
_aunmediated _bn _2rdamedia |
||
| 338 |
_avolume _bnc _2rdacarrier |
||
| 650 | 0 |
_aEngineering _xPhilosophy _984102 |
|
| 650 | 0 | 0 |
_aMühendislik _xFelsefe _984103 |
| 650 | 0 |
_aScience _xPhilosophy _98092 |
|
| 650 | 0 |
_aBilim _xFelsefe _98030 |
|
| 650 | 0 |
_aEngineering _91381 |
|
| 650 | 0 |
_aMühendislik _929625 |
|
| 942 |
_cBK _2lcc |
||